• 首页
  • 本馆介绍
  • 公告通知
  • 最新文献
  • 馆藏检索
  • 电子资源
  • 读者导购
  • 参考咨询
  • 我的图书馆
  • 登录
  • 详细信息显示
  • 放入我的书架
  • 预约/预借图书
  • 作者相关作品
  • 分类相关作品
  • 丛书相关作品
  • 出版社相关作品

书目信息

  • 表格格式
  • 工作单格式
  • 卡片格式
题名:
世界现代设计史
    
 
作者: 王受之 著
分册:  
出版信息: 北京   中国青年出版社  2002
页数: 349页
开本: 26cm
丛书名: 王受之设计史论丛书
单 册:
中图分类: J509.1
科图分类:
主题词: 设计--工艺美术史--世界
电子资源:
ISBN: 7-5006-4831-6
000 01142nam0 2200337 450
000 01105nam0 2200325 450
000 01103nam0 2200337 450
000 01049nam0 2200313 450
000 01045nam0 2200301 450
000 01008nam0 2200289 45
001 TS2006003210
005 20061210163732.40
010    @a7-5006-4831-6@dCNY95.00
100    @a20060829d2002 em y0chiy0110 ea
101 0  @achi
102    @aCN@b110000
105    @aa z 000yy
200 1  @a世界现代设计史@Ashi jie xian dai she ji shi@f王受之著
210    @a北京@c中国青年出版社@d2002
215    @a349页@c图@d26cm
225 2  @a王受之设计史论丛书
330    @a本书介绍了现代主义设计的萌起、现代设计的职业化和制度化、丰裕社会与国际主义风格、现代主义之后的设计等内容。
410  0 @1001002167627@12001 @a王受之设计史论丛书
510 1  @aA History of Modern Design@zeng
606 0  @a设计@x工艺美术史@y世界
690    @aJ509.1@v4
701  0 @a王受之@Awang shou zhi@4著
801  0 @aCN@b中图数据@c20061210
905    @a10447@dJ509.1@e186
    
    世界现代设计史/王受之著.-北京:中国青年出版社,2002
    349页:图;26cm.-(王受之设计史论丛书)
    
    
    ISBN 7-5006-4831-6:CNY95.00
    本书介绍了现代主义设计的萌起、现代设计的职业化和制度化、丰裕社会与国际主义风格、现代主义之后的设计等内容。
●
相关链接 在E读中查询图书 在五车中查询图书 在当当中查询图书 在豆瓣中查询图书


正题名:世界现代设计史     索取号:J509.1/186         预约/预借

序号 登录号 条形码 馆藏地/架位号 状态 备注
1 0618147   206181479   第一样本阅览室/ [索取号:J509.1/186] 在馆    
2 0618148   206181488   第一借阅区/ [索取号:J509.1/186] 在馆    
3 0618149   206181497   第一借阅区/ [索取号:J509.1/186] 在馆    
唐山师范学院图书馆 欢迎您!
大连网信软件有限公司© 版权所有